[Event "RUS-ch U18 Girls"]
[Site "Dagomys"]
[Date "2004.04.??"]
[Round "?"]
[White "Abdullina, Kamila R"]
[Black "Kucherova, Liya"]
[Result "1/2-1/2"]
[WhiteElo "2048"]
[BlackElo "2238"]
[PlyCount "70"]
[EventDate "2004.04.??"]
[EventType "swiss"]
[EventRounds "10"]
[EventCountry "RUS"]
[SourceTitle "EXT 2005"]
[Source "ChessBase"]
[SourceDate "2004.11.15"]
[SourceVersion "1"]
[SourceVersionDate "2004.11.15"]
[SourceQuality "1"]

1. d4 d5 2. c4 e6 3. Nf3 c6 4. g3 Bd6 5. Bg2 f5 6. 0-0 Nf6 7. Bf4 Bxf4 8. gxf4 Nbd7 9. Nc3 Ne4 10. Qc2 Qf6 11. b4 h6 12. cxd5 cxd5 13. Nb5 0-0 14. Ne5 a6 15. Nc3 g5 16. Nxe4 dxe4 17. e3 g4 18. b5 h5 19. Rfb1 Qg7 20. bxa6 Rxa6 21. Nxd7 Qxd7 22. Bf1 Rc6 23. Qa4 Qc7 24. Rb2 Bd7 25. Qd1 Rc3 26. Rab1 Bc6 27. Rc2 Rxc2 28. Qxc2 Qd7 29. Bc4 Kf7 30. Qb3 Kf6 31. Bb5 Ra8 32. Kg2 h4 33. h3 Bxb5 34. Qxb5 Qxb5 35. Rxb5 Rxa2 1/2-1/2

[Event "RUS-ch U18 Girls"]
[Site "Dagomys"]
[Date "2004.04.??"]
[Round "?"]
[White "Lelekova, Olga"]
[Black "Kucherova, Liya"]
[Result "0-1"]
[WhiteElo "2097"]
[BlackElo "2238"]
[PlyCount "68"]
[EventDate "2004.04.??"]
[EventType "swiss"]
[EventRounds "10"]
[EventCountry "RUS"]
[SourceTitle "EXT 2005"]
[Source "ChessBase"]
[SourceDate "2004.11.15"]
[SourceVersion "1"]
[SourceVersionDate "2004.11.15"]
[SourceQuality "1"]

1. e4 g6 2. d4 Bg7 3. Nc3 d6 4. Be3 c6 5. Qd2 Nf6 6. f3 0-0 7. Be2 Nbd7 8. Nh3 b5 9. Nf2 e5 10. 0-0 Re8 11. a3 a6 12. Rad1 Bb7 13. Bh6 Bh8 14. dxe5 dxe5 15. f4 a5 16. f5 b4 17. fxg6 hxg6 18. axb4 axb4 19. Nb1 Qb6 20. Kh1 c5 21. Qg5 Ba6 22. Bxa6 Rxa6 23. Nd2 Qe6 24. b3 Nh5 25. Nc4 Kh7 26. Ng4 Bf6 27. Nxf6+ Ndxf6 28. Qc1 Nxe4 29. Rde1 f5 30. Bg5 Kg7 31. Bh6+ Kh7 32. g4 Nhg3+ 33. Kg2 Nxf1 34. Rxf1 f4 0-1

[Event "Maikop op"]
[Site "Maikop"]
[Date "2004.04.??"]
[Round "5"]
[White "Pushkov, Nikolai"]
[Black "Kucherova, Liya"]
[Result "1-0"]
[WhiteElo "2516"]
[BlackElo "2201"]
[PlyCount "81"]
[EventDate "2004.04.??"]
[EventType "swiss"]
[EventRounds "9"]
[EventCountry "RUS"]
[SourceTitle "EXT 2006"]
[Source "ChessBase"]
[SourceDate "2005.11.24"]
[SourceVersion "1"]
[SourceVersionDate "2005.11.24"]
[SourceQuality "1"]

1. Nf3 d5 2. c4 e6 3. d4 c6 4. Qc2 f5 5. Bf4 Nf6 6. e3 Bb4+ 7. Nc3 0-0 8. Be2 Ne4 9. 0-0 Bd6 10. Rae1 Kh8 11. Be5 Qe7 12. c5 Bc7 13. b4 b5 14. a4 a6 15. Ra1 Bb7 16. axb5 Nxc3 17. Qxc3 cxb5 18. Bxc7 Qxc7 19. Ne5 Nc6 20. f4 Rg8 21. Ra2 Nxe5 22. fxe5 g5 23. g4 Rgf8 24. gxf5 exf5 25. Bd3 Qd7 26. Rg2 f4 27. Be2 Qf5 28. exf4 gxf4 29. c6 Bc8 30. Qc5 Be6 31. Bf3 Qf7 32. Rc1 Rg8 33. c7 Rxg2+ 34. Kxg2 Rc8 35. Kh1 h6 36. Qd6 Rg8 37. c8Q Bxc8 38. Bxd5 Qg7 39. Bxg8 Bb7+ 40. Bd5 f3 41. Rc2 1-0

[Event "RUS-ch U20 Girls"]
[Site "Samara"]
[Date "2004.03.02"]
[Round "1"]
[White "Pogonina, Natalija"]
[Black "Kucherova, Liya"]
[Result "1-0"]
[WhiteElo "2382"]
[BlackElo "2182"]
[PlyCount "51"]
[EventDate "2004.03.??"]
[EventType "swiss"]
[EventRounds "11"]
[EventCountry "RUS"]
[SourceTitle "EXT 2005"]
[Source "ChessBase"]
[SourceDate "2004.11.15"]
[SourceVersion "1"]
[SourceVersionDate "2004.11.15"]
[SourceQuality "1"]

1. e4 c5 2. Nf3 e6 3. Nc3 a6 4. d4 cxd4 5. Nxd4 Qc7 6. Bd3 Nc6 7. Be3 b5 8. Nxc6 dxc6 9. 0-0 Nf6 10. a4 b4 11. Nb1 c5 12. Nd2 h5 13. h3 Bb7 14. Qe2 Bd6 15. f4 e5 16. f5 Qc6 17. Bg5 c4 18. Nxc4 Nxe4 19. Bxe4 Bc5+ 20. Kh1 Qxe4 21. Qxe4 Bxe4 22. Rae1 f6 23. Rxe4 fxg5 24. Rxe5+ Be7 25. Rfe1 Ra7 26. Nd6+ 1-0

[Event "RUS-ch 1L (Women) 54th"]
[Site "Sochi"]
[Date "2004.??.??"]
[Round "8"]
[White "Tomilova, Elena"]
[Black "Kucherova, Liya"]
[Result "1-0"]
[WhiteElo "2229"]
[BlackElo "2238"]
[PlyCount "137"]
[EventDate "2004.05.13"]
[EventType "swiss"]
[EventRounds "9"]
[EventCountry "RUS"]
[SourceTitle "CBM 100 Extra"]
[Source "ChessBase"]
[SourceDate "2004.07.06"]
[SourceVersion "2"]
[SourceVersionDate "2004.07.06"]
[SourceQuality "1"]

1. e4 d6 2. d4 Nf6 3. Nc3 e5 4. Nf3 Nbd7 5. Bc4 Be7 6. 0-0 0-0 7. a4 a5 8. Re1 c6 9. b3 Qc7 10. Ba3 b6 11. Nh4 exd4 12. Qxd4 Nc5 13. f4 Rd8 14. Nf3 Be6 15. Bxe6 Nxe6 16. Qc4 Ng4 17. h3 Nf6 18. f5 Nc5 19. Bxc5 bxc5 20. e5 dxe5 21. Nxe5 Bd6 22. Nd3 Re8 23. Ne4 Nxe4 24. Rxe4 Qd7 25. Rae1 Kf8 26. Rf1 Rxe4 27. Qxe4 f6 28. Qh4 Kg8 29. Kh1 Qf7 30. Re1 g5 31. Qe4 Rc8 32. Nb2 Bg3 33. Rd1 Re8 34. Qxc6 g4 35. hxg4 Qf8 36. Kg1 Qe7 37. Qe6+ Qxe6 38. fxe6 Rxe6 39. Nd3 Re2 40. Rc1 Rd2 41. Kf1 Bd6 42. Nf2 Bf4 43. Ne4 Rd4 44. Re1 c4 45. c3 Rd3 46. bxc4 Kf7 47. Kf2 Kg6 48. g3 Bc7 49. Ke2 Rd7 50. Rf1 Be5 51. c5 h6 52. Rb1 Re7 53. Kd3 h5 54. gxh5+ Kxh5 55. Kc4 f5 56. Nd6 Kg4 57. Rf1 Bxg3 58. Nxf5 Re4+ 59. Kb5 Be5 60. Nd6 Re2 61. c4 Rd2 62. Kxa5 Bc3+ 63. Kb5 Rb2+ 64. Kc6 Ra2 65. Kd7 Be5 66. Nf7 Rd2+ 67. Kc8 Bf4 68. c6 Re2 69. c7 1-0

[Event "RUS-ch U20 Girls"]
[Site "Essentuki"]
[Date "2003.03.12"]
[Round "10"]
[White "Kucherova, Liya"]
[Black "Komiagina, Maria"]
[Result "1-0"]
[WhiteElo "2231"]
[BlackElo "2214"]
[PlyCount "77"]
[EventDate "2003.03.02"]
[EventType "swiss"]
[EventRounds "11"]
[EventCountry "RUS"]
[SourceTitle "CBM 093 Extra"]
[Source "ChessBase"]
[SourceDate "2003.05.09"]
[SourceVersion "1"]
[SourceVersionDate "2003.05.09"]
[SourceQuality "1"]

1. e4 c5 2. Nf3 d6 3. Bc4 e6 4. c3 Nf6 5. d3 Be7 6. 0-0 0-0 7. e5 dxe5 8. Nxe5 Nbd7 9. f4 Qc7 10. Qe2 a6 11. Bb3 b5 12. Nd2 Bb7 13. Ndf3 Nb6 14. Bd2 Rad8 15. Rae1 Bd5 16. Bc2 Qb7 17. c4 Bxf3 18. Rxf3 Nfd7 19. Rh3 Nf6 20. g4 g6 21. g5 Nh5 22. Ng4 Nd7 23. f5 e5 24. f6 Bd6 25. Nh6+ Kh8 26. Rxh5 gxh5 27. Qxh5 e4 28. Nxf7+ Rxf7 29. Qxf7 Rg8 30. Rxe4 Qc7 31. Rh4 Nf8 32. Qxc7 Bxc7 33. f7 Rg7 34. Bc3 b4 35. Bf6 Bd6 36. Re4 h6 37. Rh4 Nh7 38. Rxh6 Bf8 39. g6 1-0

[Event "RUS-ch U20 Girls"]
[Site "Essentuki"]
[Date "2003.03.06"]
[Round "5"]
[White "Kucherova, Liya"]
[Black "Ivkina, Olga"]
[Result "0-1"]
[WhiteElo "2231"]
[BlackElo "2249"]
[PlyCount "72"]
[EventDate "2003.03.02"]
[EventType "swiss"]
[EventRounds "11"]
[EventCountry "RUS"]
[SourceTitle "CBM 093 Extra"]
[Source "ChessBase"]
[SourceDate "2003.05.09"]
[SourceVersion "1"]
[SourceVersionDate "2003.05.09"]
[SourceQuality "1"]

1. e4 e6 2. d4 d5 3. Nc3 Bb4 4. exd5 exd5 5. Bd3 Ne7 6. a3 Bxc3+ 7. bxc3 0-0 8. Qf3 c5 9. dxc5 Nbc6 10. Ne2 Qa5 11. 0-0 Qxc5 12. Qg3 Bf5 13. Rb1 Bxd3 14. cxd3 b6 15. Nf4 Qd6 16. Qh3 Rac8 17. Nh5 Qe6 18. g4 Ne5 19. Rb4 Rxc3 20. Nf4 Qxg4+ 21. Qxg4 Nxg4 22. Bb2 Rc2 23. Nh5 g6 24. h3 gxh5 25. hxg4 Nc6 26. Rb5 hxg4 27. Bf6 h6 28. Rxd5 Re8 29. Kg2 Re6 30. Rf5 Kh7 31. Rf4 Kg6 32. Bh4 f5 33. Rd1 Ree2 34. Kf1 Ne5 35. d4 Nf3 36. Bg3 Red2 0-1

[Event "RUS-ch U20 Girls"]
[Site "Essentuki"]
[Date "2003.03.05"]
[Round "4"]
[White "Tomilova, Elena"]
[Black "Kucherova, Liya"]
[Result "0-1"]
[WhiteElo "2210"]
[BlackElo "2231"]
[PlyCount "58"]
[EventDate "2003.03.02"]
[EventType "swiss"]
[EventRounds "11"]
[EventCountry "RUS"]
[SourceTitle "CBM 093 Extra"]
[Source "ChessBase"]
[SourceDate "2003.05.09"]
[SourceVersion "1"]
[SourceVersionDate "2003.05.09"]
[SourceQuality "1"]

1. e4 c5 2. Nf3 e6 3. Nc3 a6 4. d4 cxd4 5. Nxd4 Qc7 6. Bd3 b5 7. 0-0 Bb7 8. Re1 Nc6 9. Nxc6 dxc6 10. e5 c5 11. Bf4 Ne7 12. Bxb5+ Nc6 13. Bd3 Be7 14. Be4 Rd8 15. Qg4 g5 16. Bxc6+ Qxc6 17. Be3 c4 18. f3 h5 19. Qh3 g4 20. fxg4 Rg8 21. g5 Bxg5 22. Bxg5 Rxg5 23. Re2 Rd4 24. Rd1 Rdg4 25. Rdd2 Qc5+ 26. Kh1 Rf4 27. Rd1 Rgf5 28. Ree1 Qf2 29. Rg1 Rh4 0-1

[Event "RUS-ch (Women) 1st League"]
[Site "Serpukhov"]
[Date "2003.02.24"]
[Round "5"]
[White "Kucherova, Liya"]
[Black "Sterliagova, Tatiana"]
[Result "0-1"]
[WhiteElo "2231"]
[BlackElo "2156"]
[PlyCount "68"]
[EventDate "2003.02.20"]
[EventType "swiss"]
[EventRounds "9"]
[EventCountry "RUS"]
[SourceTitle "EXT 2004"]
[Source "ChessBase"]
[SourceDate "2003.11.25"]
[SourceVersion "1"]
[SourceVersionDate "2003.11.25"]
[SourceQuality "1"]

1. e4 c5 2. b3 Nc6 3. Bb2 e5 4. Nf3 d6 5. Bb5 Bd7 6. Bxc6 Bxc6 7. d3 g6 8. Nbd2 Bg7 9. c3 Ne7 10. d4 exd4 11. cxd4 0-0 12. 0-0 d5 13. e5 cxd4 14. Re1 d3 15. Nf1 Bb5 16. a4 Ba6 17. Ne3 h5 18. g4 d4 19. Bxd4 Nc6 20. Bc3 Re8 21. gxh5 Nxe5 22. hxg6 fxg6 23. Bxe5 Bxe5 24. Ng4 Bg7 25. Rxe8+ Qxe8 26. Rc1 Qe2 27. b4 d2 28. Qxd2 Qxf3 29. Qd7 Be2 30. Qe6+ Kh7 31. h3 Rd8 32. Ne3 Rf8 33. Ng4 Bd3 34. Rc7 Be4 0-1

[Event "RUS-ch (Women) 1st League"]
[Site "Serpukhov"]
[Date "2003.02.20"]
[Round "1"]
[White "Kucherova, Liya"]
[Black "Lelekova, Olga"]
[Result "1-0"]
[WhiteElo "2231"]
[BlackElo "2069"]
[PlyCount "83"]
[EventDate "2003.02.20"]
[EventType "swiss"]
[EventRounds "9"]
[EventCountry "RUS"]
[SourceTitle "EXT 2004"]
[Source "ChessBase"]
[SourceDate "2003.11.25"]
[SourceVersion "1"]
[SourceVersionDate "2003.11.25"]
[SourceQuality "1"]

1. e4 c5 2. d4 cxd4 3. c3 dxc3 4. Nxc3 Nc6 5. Nf3 d6 6. Bc4 a6 7. Bf4 Nf6 8. Qe2 Bg4 9. Rd1 Qb8 10. h3 Bh5 11. g4 Bg6 12. e5 dxe5 13. Nxe5 Qc8 14. g5 Nh5 15. Nxf7 Bxf7 16. Bxf7+ Kxf7 17. Qxh5+ g6 18. Qe2 Bg7 19. Nd5 Qf5 20. Qd3 Qxd3 21. Rxd3 Rad8 22. Be3 Bxb2 23. Ke2 e6 24. Rb3 Rb8 25. Nb6 Bg7 26. Rd1 Rbd8 27. Rd7+ Rxd7 28. Nxd7 b5 29. Nc5 Ra8 30. Rd3 Bf8 31. Rd7+ Be7 32. Ne4 Ke8 33. Rc7 Nb4 34. Rxe7+ Kxe7 35. Bc5+ Kf7 36. Bxb4 Rd8 37. Nd6+ Kg7 38. Ke3 a5 39. Bc5 Rd7 40. Ke4 Rc7 41. Kd4 b4 42. Ne8+ 1-0

[Event "RUS Cup (Women)"]
[Site "Kazan"]
[Date "2003.??.??"]
[Round "7"]
[White "Kolmakova, Maria"]
[Black "Kucherova, Liya"]
[Result "1-0"]
[WhiteElo "2112"]
[BlackElo "2231"]
[PlyCount "113"]
[EventDate "2003.??.??"]
[EventType "swiss"]
[EventRounds "9"]
[EventCountry "RUS"]
[SourceTitle "EXT 2005"]
[Source "ChessBase"]
[SourceDate "2004.11.15"]
[SourceVersion "1"]
[SourceVersionDate "2004.11.15"]
[SourceQuality "1"]

1. e4 c5 2. Nc3 Nc6 3. Bb5 Nf6 4. f4 a6 5. Bxc6 dxc6 6. Nf3 Qc7 7. d3 Bg4 8. h3 Bxf3 9. Qxf3 e5 10. f5 Be7 11. Be3 h5 12. g4 hxg4 13. hxg4 Rxh1+ 14. Qxh1 0-0-0 15. g5 Ne8 16. 0-0-0 Qa5 17. Qh5 Nd6 18. Qh2 f6 19. gxf6 Bxf6 20. Qg1 b6 21. Kb1 Kb7 22. Bg5 Bxg5 23. Qxg5 Rd7 24. Qg6 Nc8 25. Qe8 Re7 26. Qd8 Rc7 27. Qf8 Re7 28. Rg1 b5 29. Rxg7 Qc7 30. f6 Rd7 31. Ne2 Nd6 32. Ng3 c4 33. a3 cxd3 34. cxd3 Nf7 35. Nf5 Nd8 36. Nd6+ Kb6 37. Rxd7 Qxd7 38. Qe7 Kc7 39. b4 Ne6 40. Nf7 Qxe7 41. fxe7 Kd7 42. Nxe5+ Kxe7 43. Nxc6+ Kd6 44. Nb8 a5 45. Kb2 axb4 46. axb4 Nc7 47. Kc3 Ne6 48. Na6 Nf4 49. d4 Ne2+ 50. Kd3 Nf4+ 51. Ke3 Ne6 52. Nc5 Nc7 53. d5 Ke5 54. Nd3+ Kd6 55. Kd4 Na6 56. e5+ Ke7 57. d6+ 1-0

[Event "RUS Spartakiad U18"]
[Site "Kazan"]
[Date "2003.??.??"]
[Round "?"]
[White "Kostrikina, Anna"]
[Black "Kucherova, Liya"]
[Result "1/2-1/2"]
[WhiteElo "2171"]
[BlackElo "2231"]
[PlyCount "85"]
[EventDate "2003.??.??"]
[EventType "team"]
[EventRounds "8"]
[EventCountry "RUS"]
[SourceTitle "EXT 2005"]
[Source "ChessBase"]
[SourceDate "2004.11.15"]
[SourceVersion "1"]
[SourceVersionDate "2004.11.15"]
[SourceQuality "1"]

1. e4 c5 2. Nf3 e6 3. d4 cxd4 4. Nxd4 a6 5. Bd3 Bc5 6. Nb3 Ba7 7. Qe2 d6 8. Be3 Nc6 9. 0-0 Nge7 10. Nc3 0-0 11. Rad1 Bxe3 12. Qxe3 Qc7 13. f4 e5 14. f5 f6 15. Bc4+ Kh8 16. Be2 Nb4 17. Qd2 Rd8 18. a3 Nbc6 19. Rf3 d5 20. Nxd5 Nxd5 21. exd5 Qb6+ 22. Qe3 Qxe3+ 23. Rxe3 Ne7 24. g4 Rd6 25. c4 b5 26. cxb5 axb5 27. Bxb5 g6 28. Nc5 gxf5 29. Red3 Ng6 30. Bc6 Rb8 31. R3d2 Nh4 32. Kf2 e4 33. gxf5 Bxf5 34. Nb7 Rxb7 35. Bxb7 Nf3 36. Re2 Ne5 37. Rd4 Nd3+ 38. Ke3 Bg6 39. Rc2 f5 40. Rc6 f4+ 41. Kd2 Rd7 42. Rb6 e3+ 43. Ke2 1/2-1/2

[Event "RUS Cup (Women)"]
[Site "Kazan"]
[Date "2003.??.??"]
[Round "9"]
[White "Kucherova, Liya"]
[Black "Sukhareva, Maria Aleksandrovna"]
[Result "1-0"]
[WhiteElo "2231"]
[BlackElo "2027"]
[PlyCount "57"]
[EventDate "2003.??.??"]
[EventType "swiss"]
[EventRounds "9"]
[EventCountry "RUS"]
[SourceTitle "EXT 2005"]
[Source "ChessBase"]
[SourceDate "2004.11.15"]
[SourceVersion "1"]
[SourceVersionDate "2004.11.15"]
[SourceQuality "1"]

1. e4 e6 2. d4 d5 3. Nc3 Bb4 4. exd5 exd5 5. Bd3 c6 6. a3 Bd6 7. h3 Qf6 8. Nf3 h6 9. 0-0 Ne7 10. Be3 Bf5 11. Bxf5 Nxf5 12. Qd2 Nd7 13. Ne2 0-0 14. Bf4 Rfe8 15. Bxd6 Nxd6 16. Rfe1 Re7 17. Ng3 Rae8 18. Rxe7 Qxe7 19. Re1 Qd8 20. Qb4 Rxe1+ 21. Nxe1 Qc7 22. Nd3 a5 23. Qe1 Kf8 24. Qe2 Qb6 25. Qg4 Nf6 26. Qf4 Qd8 27. Ne5 Qe7 28. Kf1 Nd7 29. Ng6+ 1-0

[Event "RUS-ch U20 Girls"]
[Site "Vladimir"]
[Date "2002.03.02"]
[Round "2"]
[White "Zakurdjaeva, Irina"]
[Black "Kucherova, Liya"]
[Result "1-0"]
[WhiteElo "2310"]
[BlackElo "2171"]
[PlyCount "78"]
[EventDate "2002.03.01"]
[EventType "swiss"]
[EventRounds "11"]
[EventCountry "RUS"]
[SourceTitle "CBM 087 Extra"]
[Source "ChessBase"]
[SourceDate "2002.05.03"]
[SourceVersion "2"]
[SourceVersionDate "2002.08.09"]
[SourceQuality "1"]

1. e4 c5 2. Nf3 Nc6 3. Nc3 Nf6 4. d4 cxd4 5. Nxd4 e5 6. Ndb5 d6 7. Bg5 a6 8. Na3 b5 9. Bxf6 gxf6 10. Nd5 Bg7 11. c3 f5 12. exf5 Bxf5 13. Nc2 0-0 14. Nce3 Be6 15. Bd3 f5 16. 0-0 Ne7 17. Nxe7+ Qxe7 18. Bxf5 Kh8 19. Be4 Rad8 20. Qh5 Bf6 21. Nd5 Bxd5 22. Bxd5 Bg5 23. Rad1 Qg7 24. Rd3 Bf4 25. Rh3 Rf6 26. Qe2 Rdf8 27. Be4 Bh6 28. Kh1 Qf7 29. g4 Qd7 30. Rh5 Rg8 31. Rg1 Rg5 32. Rh3 Qf7 33. Qd3 Qf8 34. f3 Qe7 35. a4 Qd7 36. axb5 axb5 37. Ra1 Rg8 38. Rh5 b4 39. cxb4 Qc7 1-0